[Event "Charity Cup MCCT Prel 2022"]
[Site "Online"]
[Date "2022.03.15"]
[Round "15.6"]
[White "Vidit, Santosh Gujrathi"]
[Black "Carlsen, Magnus"]
[Result "1/2-1/2"]
[WhiteElo "2727"]
[BlackElo "2865"]
[Annotator "TA"]
[PlyCount "153"]
[EventDate "2022.03.18"]
[EventType "tourn"]
[EventCountry "NET"]
[SourceTitle "playchess.com"]
[Source "ChessBase"]
[SourceQuality "1"]

{[%evp 9,153,0,13,8,18,9,18,4,6,3,10,6,30,32,33,22,27,13,26,0,0,0,0,-10,-12,-1,44,4,27,22,16,5,24,-13,-18,-26,25,23,42,32,28,13,24,22,86,66,88,101,96,79,85,54,74,67,88,80,45,32,110,108,95,0,0,0,0,0,0,0,0,0,0,0,0,0,0,0,0,0,0,0,0,0,0,0,0,-14,0,0,0,0,0,0,0,0,204,211,192,67,132,54,39,32,229,229,229,221,221,208,458,458,412,402,533,388,352,327,1061,1058,989,675,559,642,653,614,597,545,473,455,642,360,954,377,349,17,17,8,8,8,8,8,8,8,8,8,8,8]} 1. d4 Nf6 2. c4 g6 3. Nc3 d5 4. Nf3 Bg7 5. h4 c6 6. cxd5 {D90: Grünfeld: 4 Nf3 Bg7 sidelines.} cxd5 7. Bf4 O-O 8. Qb3 Nc6 {[%cal Bb8c6,Bc6a5,Ba5c4][%mdl 32]} 9. e3 a6 10. Rc1 Na5 11. Qa3 Nc4 12. Qb4 b5 13. b3 Nd6 {[#]} 14. Qa3 $146 {[%cal Oc3b5]} ({Predecessor:} 14. Bd3 Re8 15. a4 Bf8 16. axb5 Nde4 17. Ne5 axb5 18. Nxe4 Nxe4 19. O-O e6 20. Qe1 {½-½ (28) Lehnhoff,H (2281)-Gleyzer,L (2325) ICCF email 2017}) 14... Bf5 15. Be2 Qb6 16. Qb2 Rfc8 17. O-O Rc7 (17... Nde4 $11 {feels stronger.}) 18. Be5 {Hoping for Bxf6.} e6 19. a4 {[%cal Oa4a5] Threatens to win with a5!} Nfe8 20. axb5 axb5 21. Na2 Bg4 22. Nb4 Bxf3 ({Black should play} 22... Bf8) 23. Bxf3 $11 Bxe5 24. dxe5 Nf5 25. g3 Rac8 26. Kg2 d4 (26... Ne7 $11) 27. e4 Ne7 28. Rxc7 Rxc7 29. Ra1 Qc5 {[%csl LRb4,LRe5]} 30. Nd3 Qc3 31. Qb1 Nc6 32. Ra8 Kf8 33. h5 (33. Be2 $5 {[%cal Rb1a2]}) 33... Ra7 (33... gxh5 $1 $14 34. Bxh5 Ra7 35. Rxa7 Nxa7) 34. Rxa7 $1 $16 Nxa7 {[#]} 35. Be2 (35. Qa2 $1 $16 {[%cal Ra2a7]} Nc6 36. Qa6 $1) 35... Nc6 $11 36. Qa2 Nc7 {Inhibits Qa6.} 37. Qa3+ b4 38. Qa4 Ke7 39. h6 Kd8 40. Bf1 Kc8 41. Qa2 Kd7 42. Qe2 {Black must now prevent Qf3.} Ke7 43. Qg4 Ne8 44. Qd1 Nc7 45. Qg4 Ne8 46. Qg5+ Kf8 47. Qf4 Ke7 (47... Qxb3 $2 48. Nc5 Qa2 49. Bb5 $18) 48. Nc1 Qc5 49. Nd3 Qc3 50. Qg5+ Kf8 51. Be2 Qxb3 $2 (51... Qc2 $11 {and Black is okay.} 52. Qc1 Qxc1 53. Nxc1 Nxe5) 52. Nc5 $18 Qc2 53. Nd7+ Kg8 {[#]} 54. Bb5 {White is more active.} (54. Bh5 $1 $16 {[%cal Og5f4] aiming for Qf4!} Kh8 55. Qf4) 54... Qxe4+ $14 55. Kh2 f6 $2 ({Black should try} 55... Qc2 $14 56. Bxc6 Qxf2+ 57. Bg2 Qe3 58. Qxe3 dxe3) 56. exf6 $40 {[%mdl 128] Qc5 would kill now. White is out for blood.} (56. Qxf6 Nxf6 57. Nxf6+ Kf8 58. Nxe4 Nxe5) 56... Qf5 57. Qxf5 gxf5 58. Bxc6 b3 $2 (58... Kf7 59. Ne5+ Kxf6) 59. Nc5 $1 {[%csl LRb3,LRe6,LRe8]} Nxf6 (59... b2 {is a self mate.} 60. Bxe8 b1=Q 61. f7+ Kf8 62. Nd7+ Ke7 63. f8=Q+ Kd8 {[#]} 64. Qd6 $1) 60. Nxb3 e5 61. Kg2 Kf7 62. f4 d3 $2 (62... Ng4 63. fxe5 Ke6 64. Nxd4+ Kxe5 65. Nf3+ Kf6) 63. fxe5 Ng4 64. Bd5+ Kg6 65. Kf3 {Prevents Ne3.} Nxe5+ 66. Kf4 Kf6 67. Bg8 Ng6+ 68. Ke3 Nf8 (68... Kg5 $142 69. Bxh7 Ne5) 69. Nd4 Kg6 $2 (69... Kg5 70. Bc4 (70. Kxd3 f4 $16) 70... d2) 70. Kxd3 $2 (70. Bc4 d2 71. Kxd2) 70... Kxh6 71. Ke3 $2 ({Only move:} 71. Nxf5+ $18 Kg5 72. Nd6) 71... Kg5 $11 {The position is equal.} 72. Be6 Nxe6 73. Nxe6+ Kg4 74. Kf2 h5 75. Nd4 h4 76. gxh4 Kxh4 77. Nxf5+ {White really could win this.  Weighted Error Value: White=0.08 (flawless) /Black=0.31} 1/2-1/2

[Event "Charity Cup MCCT Prel 2022"]
[Site "Online"]
[Date "2022.03.16"]
[Round "15.7"]
[White "Duda, Jan-Krzysztof"]
[Black "Ding, Liren"]
[Result "1/2-1/2"]
[WhiteElo "2760"]
[BlackElo "2799"]
[Annotator "TA"]
[PlyCount "36"]
[EventDate "2022.03.18"]
[EventType "tourn"]
[EventCountry "NET"]
[SourceTitle "playchess.com"]
[Source "ChessBase"]
[SourceQuality "1"]

{[%evp 20,36,25,0,0,0,0,0,0,0,0,0,0,0,0,-3,0,-8,0]} 1. d4 Nf6 2. c4 e6 3. Nf3 d5 4. Nc3 Bb4 5. Bg5 h6 6. Bxf6 Qxf6 7. e3 O-O 8. Rc1 dxc4 9. Bxc4 c5 10. O-O cxd4 11. Nxd4 Bd7 {[%cal Bc8d7,Bd7c6,Bc6d5][%mdl 32] The position is equal. D38: Queen's Gambit Declined: Ragozin Defence (4 Nf3 Bb4).} 12. Qb3 Nc6 13. Nxc6 Bxc3 14. Rxc3 Bxc6 15. Bb5 Bd5 16. Bc4 Bc6 17. Bb5 {[#]} Bd5 $146 ({Predecessor:} 17... Be4 18. Bd3 Bxd3 19. Rxd3 b6 20. Rfd1 Rad8 21. Rxd8 Rxd8 22. Rxd8+ Qxd8 23. g3 {½-½ (33) Storme,I (2397)-Wiedenkeller,M (2445) Helsingborg 2021}) 18. Bc4 Bc6 {An interesting draw.  Weighted Error Value: White=0.04 (flawless) /Black=0.01 (flawless)} 1/2-1/2

[Event "Charity Cup MCCT Prel 2022"]
[Site "Online"]
[Date "2022.03.15"]
[Round "15.8"]
[White "Harikrishna, Pentala"]
[Black "Hansen, Eric"]
[Result "1/2-1/2"]
[WhiteElo "2719"]
[BlackElo "2606"]
[Annotator "TA"]
[PlyCount "87"]
[EventDate "2022.03.18"]
[EventType "tourn"]
[EventCountry "NET"]
[SourceTitle "playchess.com"]
[Source "ChessBase"]
[SourceQuality "1"]

{[%evp 9,87,17,33,13,32,22,26,24,27,27,17,23,29,23,29,35,30,16,8,-1,15,20,17,18,14,10,21,14,38,26,35,33,36,38,84,59,87,34,81,86,72,108,111,100,102,46,42,0,0,0,109,103,207,0,0,0,202,203,210,195,195,59,60,0,0,0,0,-11,0,-11,-8,-58,0,-47,-11,-11,0,0,0,0]} 1. c4 e5 2. Nc3 Nf6 3. e3 d5 4. cxd5 Nxd5 5. Nf3 Nxc3 6. bxc3 {A22: English Opening: 1...e5 2 Nc3 Nf6.} Bd6 7. d4 Nd7 8. Bd3 {[%cal Bf1d3,Bd3h7,Bh7e4][%mdl 32] White has an edge.} O-O 9. Qc2 h6 10. O-O {[#]} b6 $146 ({Predecessor:} 10... Qe7 11. e4 Rd8 12. Be3 b6 13. Rae1 Bb7 14. Kh1 Re8 15. dxe5 Bxe5 16. Nd2 Bd6 {1-0 (26) Rasmussen,A (2522)-Rydstrom,T (2234) Helsingor 2014}) 11. Bh7+ Kh8 12. Be4 Rb8 13. c4 exd4 14. exd4 Nf6 15. Bc6 Bd7 16. Bxd7 Qxd7 17. Bb2 Rfe8 18. Ne5 Bxe5 19. dxe5 Nh7 20. f4 Rbd8 21. Rad1 Qc6 (21... Qe7 $14) 22. h3 Kg8 23. Kh2 (23. f5 $1 $16) 23... b5 (23... Rxd1 $14 {is superior.} 24. Rxd1 Nf8) 24. c5 $16 Rd5 25. Rxd5 Qxd5 26. Rd1 Qxa2 27. Ra1 {White is more active.} (27. f5 $1 $16) 27... Qd5 $14 28. Rxa7 (28. c6 $14 {was preferrable.}) 28... Nf8 $1 $11 29. f5 Nd7 {[#]} (29... Rxe5 $11 {remains equal.} 30. Bxe5 (30. Rxc7 Rxf5 31. Qe2 Qd8 $17) 30... Qxe5+ 31. Kh1 Qe1+ 32. Kh2 Qe5+ 33. g3 h5) 30. e6 $1 $16 ({Don't play} 30. Rxc7 $6 Nxe5 31. Qc3 b4 $11) 30... fxe6 (30... Nxc5 $16 31. exf7+ Kxf7) 31. Rxc7 $2 (31. Qc3 $18 {[%csl Gb2][%cal Rc3g7]} Nf6 32. Qg3 (32. Rxc7 Qxf5 33. Qg3 Qg5 $18) 32... Qxf5 33. Rxc7 (33. Qxc7 Qg5 $11)) 31... exf5 $11 32. Qf2 Rf8 $2 (32... Re6 $11 {and Black is okay.}) 33. Qg3 $18 {[%csl Gb2][%cal Rg3g7]} Rf7 34. c6 {[%cal Ob2g7] Hoping for Bxg7!} Nf6 {[#]} 35. Rc8+ ({White has to play} 35. Rxf7 $1 $18 Kxf7 36. c7) 35... Kh7 $14 36. Bxf6 (36. Qe5 $1 $14) 36... Rxf6 {[%mdl 4096] Endgame KQR-KQR} (36... Qe6 $2 37. Rb8 Qxc6 38. Ba1 $18) 37. c7 Rc6 {aiming for ...Rc1.} 38. Rb8 Qd7 {To avoid c8Q} 39. Rb7 Rg6 40. Qf3 (40. Qc3 $11 Qd6+ 41. g3) 40... Rc6 (40... b4 $1 $15) 41. Qf4 (41. Qg3 $1 $11 Qc8 42. Rb8 Qxc7 43. Qxc7 Rxc7 44. Rxb5) 41... Qc8 (41... b4 $5) 42. Rxb5 {The position is equal.} Qxc7 43. Qxc7 Rxc7 44. Rxf5 {Weighted Error Value: White=0.20 (precise) /Black=0.29 (precise)} 1/2-1/2